000 00265nam a22001097a 4500
082 _a658.3
_bANI/IN
100 _aAnitha , M
_9182
245 _aIndustrial Managment and Safety
260 _aHydarabad
_bRadiant Publishing House
_c2012
300 _a9.24
942 _cBK
999 _c14153
_d14153